[Event "XLI MIEDZYNARODOWY MEMORIAL LUDWIKA ZAMENHOFA 2022 - open A"]
[Site "Bialystok"]
[Date "1899-12-30"]
[Round "6.26"]
[White "Chyzy, Jakub"]
[Black "Zalega, Maciej"]
[Result "1/2-1/2"]
[WhiteTitle "FM"]
[BlackTitle "I++"]
[WhiteElo "2247"]
[BlackElo "2116"]

1. e4 c5 2. Nc3 Nc6 3. Bb5 Nd4 4. Bc4 e6 5. Nf3 Nf6 6. O-O a6 7. d3 b5 8. Bb3 Nxb3
9. axb3 Bb7 10. e5 Nd5 11. Ne4 Be7 12. Bg5 f6 13. exf6 Nxf6 1/2-1/2

[Event "XLI MIEDZYNARODOWY MEMORIAL LUDWIKA ZAMENHOFA 2022 - open A"]
[Site "Bialystok"]
[Date "1899-12-30"]
[Round "6.27"]
[White "Golecki, Jan"]
[Black "Kubicka, Anna"]
[Result "1-0"]
[WhiteTitle "k"]
[BlackTitle "WIM"]
[WhiteElo "2152"]
[BlackElo "2217"]

1. e4 e5 2. Nf3 Nc6 3. Bb5 a6 4. Ba4 Nf6 5. O-O Be7 6. Re1 b5 7. Bb3 d6 8. c3 O-O
9. h3 Na5 10. Bc2 c5 11. d4 Nd7 12. d5 Nb6 13. b3 Nb7 14. Qe2 Bd7 15. Nbd2 Qc7
16. c4 bxc4 17. bxc4 Na5 18. a4 Rfb8 19. Ra2 Rb7 20. Bb2 Rab8 21. Bc3 Nc8 22.
Kh2 Bd8 23. g3 Be8 24. Rf1 Bf6 25. Ne1 Qd8 26. Ra3 g6 27. Qd1 Bg7 28. Qa1 h5 29.
f4 Rb4 30. Bd3 Nb3 31. Qd1 Nxd2 32. Qxd2 exf4 33. Qxf4 Bxc3 34. Rxc3 Qe7 35. Nf3
Rb3 36. Rxb3 Rxb3 37. Be2 Rb2 38. Rf2 Bxa4 39. Qh6 Qf8 40. Qc1 Rc2 41. Qa1 Nb6
42. Ng5 Qg7 43. Qxg7+ Kxg7 44. Rxf7+ Kg8 45. Rf2 Nxc4 46. Ne6 Ne5 47. Kg1 Kh7
48. Bxa6 Rxf2 49. Kxf2 c4 50. Ke3 c3 51. Nd4 g5 52. Bb5 Bd1 53. Be2 Bxe2 54. Nxe2
h4 55. gxh4 g4 56. hxg4 Nxg4+ 57. Kf4 Nf2 58. Nxc3 Kg6 59. Nb5 Nd3+ 60. Ke3 Ne5
61. Nxd6 Kf6 62. Nf5 Nc4+ 63. Kd4 Nd2 64. Ke3 Nc4+ 65. Kf4 Ne5 66. h5 Nd3+ 67.
Ke3 Ne5 68. h6 Kg6 69. d6 Ng4+ 70. Kd4 Nf6 71. Ke5 Nd7+ 72. Ke6 Nc5+ 73. Ke7 Nxe4
74. d7 Nf6 75. d8=Q Kh7 76. Ke6 Ne8 77. Qg5 Kh8 78. Qg6 Nc7+ 79. Kf7 Ne8 80. Qg8#
1-0

[Event "XLI MIEDZYNARODOWY MEMORIAL LUDWIKA ZAMENHOFA 2022 - open A"]
[Site "Bialystok"]
[Date "1899-12-30"]
[Round "6.28"]
[White "Jarzebowski, Kacper"]
[Black "Lehaci, Miruna-daria"]
[Result "0-1"]
[WhiteTitle "k+"]
[BlackTitle "WIM"]
[WhiteElo "2086"]
[BlackElo "2155"]

1. e4 c5 2. Be2 Nc6 3. f4 e6 4. c3 d5 5. d3 Bd6 6. Nf3 f6 7. Na3 Nge7 8. O-O a6
9. Qe1 O-O 10. Nc2 b5 11. Be3 Qc7 12. Nd2 Ng6 13. Qf2 d4 14. cxd4 cxd4 15. Nxd4
Nxd4 16. Bxd4 Nxf4 17. Nf3 Qc2 18. Rfe1 Bb4 19. Bc3 Bxc3 20. bxc3 Nxd3 21. Nd4
Nxf2 22. Nxc2 Nxe4 23. Bf3 f5 24. Bxe4 fxe4 25. Rxe4 Ra7 26. Nd4 Rf6 27. a4 bxa4
28. Rxa4 Rc7 29. Re3 Kf7 30. Nf3 Ke7 31. g3 Rd7 32. Nd4 Rb7 33. Nc6+ Kd6 34. Rd3+
Kc7 35. Na5 Rb1+ 36. Kg2 Rb2+ 37. Kg1 Rff2 38. Rc4+ Kb6 39. Rxc8 Kxa5 40. Rd6
Rg2+ 41. Kf1 Rxh2 42. Rc5+ Rb5 43. Rxb5+ Kxb5 44. c4+ Kxc4 45. Rxa6 e5 46. Rd6
e4 47. Rd7 g6 48. Kg1 Rh5 49. Kf2 Rd5 50. Rxh7 Kd3 51. g4 Rd8 52. Rf7 Kd2 53.
Kg3 e3 54. Re7 Rf8 55. Rd7+ Ke1 56. Rd6 e2 57. Rxg6 0-1

[Event "XLI MIEDZYNARODOWY MEMORIAL LUDWIKA ZAMENHOFA 2022 - open A"]
[Site "Bialystok"]
[Date "1899-12-30"]
[Round "6.29"]
[White "Psyk, Radoslaw"]
[Black "Daniel, Damian"]
[Result "1-0"]
[WhiteTitle "k++"]
[BlackTitle "CM"]
[WhiteElo "2438"]
[BlackElo "2169"]

1. e4 c6 2. Nf3 d5 3. d3 g6 4. e5 Bg4 5. d4 Bg7 6. Nbd2 Nd7 7. h3 Bxf3 8. Nxf3
e6 9. Bd3 Ne7 10. c3 c5 11. O-O cxd4 12. cxd4 Nc6 13. Be3 Rc8 14. h4 h5 15. Ng5
Ne7 16. Qf3 Nf5 17. Bxf5 gxf5 18. Rac1 Nb8 19. Qg3 Rxc1 20. Rxc1 Qd7 21. Ne4 Kf8
22. Nf6 1-0

[Event "XLI MIEDZYNARODOWY MEMORIAL LUDWIKA ZAMENHOFA 2022 - open A"]
[Site "Bialystok"]
[Date "1899-12-30"]
[Round "6.30"]
[White "Krzywda, Andrzej"]
[Black "Raczek, Krzysztof"]
[Result "1-0"]
[WhiteTitle "CM"]
[BlackTitle "k"]
[WhiteElo "2262"]
[BlackElo "2161"]

1. d4 d5 2. Nf3 Nf6 3. g3 Bf5 4. Bg2 h6 5. O-O e6 6. c4 c6 7. Nc3 Be7 8. b3 O-O
9. Bb2 Nbd7 10. e3 Re8 11. Qe2 Qa5 12. Rfd1 Ba3 13. Rac1 Rad8 14. h3 Bh7 15. Ne1
Qb4 16. Bxa3 Qxa3 17. Nd3 Qe7 18. Rd2 dxc4 19. bxc4 e5 20. Nxe5 Nxe5 21. dxe5
Qxe5 22. Rcd1 Rb8 23. Rc1 Bf5 24. Qd1 Qa5 25. Qa4 Qc5 26. Qd1 Be6 27. Nd5 cxd5
28. cxd5 Qe7 29. dxe6 Qxe6 30. Qb3 Qxb3 31. axb3 Re7 32. b4 Ne4 33. Rd4 Ng5 34.
Rcd1 Ne6 35. Rd6 Kf8 36. Ra1 Nc7 37. Rad1 Ne6 38. f4 g6 39. g4 Rc7 40. f5 gxf5
41. gxf5 Ng7 42. Rxh6 Kg8 43. Rd5 f6 44. Rxf6 Re8 45. Rd3 Rc1+ 46. Kf2 Rc2+ 47.
Kf3 Rb2 48. Rd4 Rb3 49. Re4 Rxe4 50. Kxe4 Rxb4+ 51. Ke5 a5 52. Bd5+ Kh7 53. Rf7
Kh6 54. Rxb7 Rh4 55. Rb8 Nh5 56. f6 Rxh3 57. f7 Rxe3+ 58. Kd4 Rd3+ 59. Kxd3 Nf4+
60. Kd4 Ng6 61. Rb6 Kh7 62. Rxg6 Kxg6 63. f8=Q Kh7 64. Be4# 1-0

[Event "XLI MIEDZYNARODOWY MEMORIAL LUDWIKA ZAMENHOFA 2022 - open A"]
[Site "Bialystok"]
[Date "1899-12-30"]
[Round "6.31"]
[White "Paprocki, Jaroslaw"]
[Black "Smolka, Marcin"]
[Result "1-0"]
[WhiteTitle "k++"]
[BlackTitle "CM"]
[WhiteElo "2158"]
[BlackElo "2217"]

1. d4 d5 2. c4 e6 3. cxd5 exd5 4. Nc3 c6 5. Nf3 Bd6 6. g3 Bf5 7. Bg2 Nf6 8. O-O
O-O 9. Nh4 Bg6 10. Nxg6 hxg6 11. Qc2 Nbd7 12. Rd1 Qc7 13. Bg5 Rfe8 14. Rac1 Rac8
15. Bh3 Nh7 16. Bd2 Nhf6 17. Qd3 Qb8 18. Bg5 Rcd8 19. Qf3 Be7 20. Bf4 Bd6 21.
Bg5 Be7 22. e3 Ne4 23. Nxe4 dxe4 24. Qg4 Bxg5 25. Qxg5 Nf6 26. Rc5 Rd5 27. Rxd5
Nxd5 28. Bf1 Qd8 29. Qg4 Qb6 30. Qe2 Qd8 31. Qc2 Qd7 32. Qc5 a6 33. Bc4 Rd8 34.
Qa5 Qc7 35. Qd2 Qd7 36. Rc1 Qf5 37. Bf1 g5 38. Qd1 Nf6 39. Qb3 Rd7 40. Rc5 Qg6
41. Re5 Nd5 42. Bg2 f5 43. g4 fxg4 44. Bxe4 Qf7 45. Bf5 Re7 46. Rxe7 Qxe7 47.
e4 Qf7 48. Bxg4 Nf4 49. Qxf7+ Kxf7 50. Kf1 Nd3 51. Bc8 Nxb2 52. Bxb7 Na4 53. Bxc6
Nc3 54. a4 Ke6 55. Ke1 Kd6 56. Kd2 Nb1+ 57. Kc2 Kd5 1-0

[Event "XLI MIEDZYNARODOWY MEMORIAL LUDWIKA ZAMENHOFA 2022 - open A"]
[Site "Bialystok"]
[Date "1899-12-30"]
[Round "6.32"]
[White "Salna, Aleksandras"]
[Black "Baginskaite, Kamile"]
[Result "1-0"]
[WhiteTitle "k"]
[BlackTitle "WGM"]
[WhiteElo "2191"]
[BlackElo "2117"]

1. d4 Nf6 2. c4 e6 3. Nc3 Bb4 4. Qc2 O-O 5. a3 Bxc3+ 6. Qxc3 d6 7. Nf3 Nbd7 8.
e3 b6 9. Be2 c5 10. O-O Ba6 11. b4 cxd4 12. Qxd4 d5 13. Bb2 Rc8 14. Rac1 Qe7 15.
Rfd1 Rfd8 16. Qh4 Nf8 17. b5 Bb7 18. Bxf6 gxf6 19. cxd5 Rxc1 20. Rxc1 Qxa3 21.
Rf1 Qe7 22. dxe6 fxe6 23. Nd4 Ng6 24. Qh3 Nf4 25. Qg4+ Qg7 26. exf4 Qxg4 27. Bxg4
Rxd4 28. Bxe6+ Kf8 29. f3 Ke7 30. Bg8 Bd5 31. Bxd5 Rxd5 32. Ra1 Rd7 33. Kf2 f5
34. g4 h5 35. g5 h4 36. Re1+ Kf7 37. Re5 Kg6 38. Re6+ Kg7 39. h3 Rd2+ 40. Re2
Rd4 41. Re7+ Kg6 42. Ke3 Ra4 43. Rd7 Rb4 44. Rd5 Rb3+ 45. Kd4 Rxf3 46. Rd6+ Kf7
47. Ke5 Rxh3 48. Kxf5 Rb3 49. Rd7+ Ke8 50. Rxa7 Rxb5+ 51. Ke6 Kd8 52. g6 1-0

[Event "XLI MIEDZYNARODOWY MEMORIAL LUDWIKA ZAMENHOFA 2022 - open A"]
[Site "Bialystok"]
[Date "1899-12-30"]
[Round "6.33"]
[White "Wojdak, Jan"]
[Black "Kaczmarek, Arkadiusz"]
[Result "1/2-1/2"]
[WhiteTitle "k"]
[BlackTitle "I++"]
[WhiteElo "2115"]
[BlackElo "2141"]

1. e4 c5 2. Nf3 e6 3. d4 cxd4 4. Nxd4 Nc6 5. Nc3 a6 6. Nxc6 bxc6 7. e5 Qc7 8. f4
d5 9. exd6 Bxd6 10. Ne4 Be7 11. Bd3 Nf6 12. O-O O-O 13. Ng5 g6 14. Qe2 Bb7 15.
Nf3 c5 16. b3 Nd5 17. Ne5 Bf6 18. Bb2 Bg7 19. c4 Nb4 20. Be4 Rad8 21. a3 Nc6 22.
Bxc6 Bxc6 23. Kh1 Ba8 24. b4 Rd6 25. Bc3 Rc8 26. Rac1 Qb7 27. bxc5 Rdd8 28. Ba5
Rd4 29. c6 Qb3 30. Rf3 Qa4 31. Bc3 Rdd8 32. Bb4 a5 33. Bc3 Bxc6 34. Nxc6 Rxc6
35. Bxg7 Kxg7 36. h3 Kg8 37. Rd3 Rcc8 38. Qd2 Rf8 39. c5 Qe4 40. Rd4 Qa8 41. Ra4
Rfd8 42. Qxa5 Qc6 43. Rac4 Rd3 44. Kh2 Qd5 45. Qe1 Rxa3 46. R1c2 Rc6 47. Qb4 Rd3
48. Qb8+ Qd8 49. Qb7 Qc7 50. Qb2 Rd8 51. Qc3 Rc8 52. Rd2 Rd8 53. Rxd8+ Qxd8 54.
Rd4 Qf8 55. Rc4 Qd8 56. Kg3 h5 57. Kf3 Qd5+ 58. Kg3 Kh7 59. Kh2 1/2-1/2

[Event "XLI MIEDZYNARODOWY MEMORIAL LUDWIKA ZAMENHOFA 2022 - open A"]
[Site "Bialystok"]
[Date "1899-12-30"]
[Round "6.34"]
[White "Rozycki, Bartlomiej"]
[Black "Greicius, Pijus"]
[Result "0-1"]
[WhiteTitle "k++"]
[BlackTitle "k"]
[WhiteElo "2196"]
[BlackElo "2076"]

1. d4 d5 2. c4 e6 3. Nf3 Nf6 4. g3 Be7 5. Bg2 O-O 6. Qc2 c6 7. O-O b6 8. Nbd2 Bb7
9. e4 c5 10. cxd5 exd5 11. e5 Ne4 12. dxc5 Nxc5 13. Nd4 Nbd7 14. Re1 Re8 15. b4
Ne6 16. Nxe6 fxe6 17. Rb1 Rc8 18. Qd1 Qc7 19. Nf3 a5 20. a3 axb4 21. axb4 Qc2
22. Bd2 Qxd1 23. Rbxd1 Rc4 24. Bf1 Re4 25. Bb5 Rd8 26. Bd3 Rxe1+ 27. Rxe1 d4 28.
Ng5 Bxg5 29. Bxg5 Rc8 30. f4 Rc3 31. Bb5 Bc6 32. Bf1 h6 33. Be7 Bf3 34. Be2 Bxe2
35. Rxe2 b5 36. Rd2 Rc4 37. Bd6 Nb6 38. Ra2 Nd5 39. Ra5 d3 40. Kf2 Rc2+ 41. Ke1
d2+ 42. Ke2 Nc3+ 0-1

[Event "XLI MIEDZYNARODOWY MEMORIAL LUDWIKA ZAMENHOFA 2022 - open A"]
[Site "Bialystok"]
[Date "1899-12-30"]
[Round "7.1"]
[White "Kosakowski, Jakub"]
[Black "Bernadskiy, Vitaliy"]
[Result "1/2-1/2"]
[WhiteTitle "IM"]
[BlackTitle "GM"]
[WhiteElo "2475"]
[BlackElo "2617"]

1. e4 c6 2. d4 d5 3. e5 Bf5 4. Nf3 e6 5. Be2 Nd7 6. O-O a5 7. a4 f6 8. Nbd2 Qc7
9. Re1 Ne7 10. Nb3 Ng6 11. Bd3 Bxd3 12. Qxd3 fxe5 13. Nxe5 Ngxe5 14. dxe5 Bb4
15. Qh3 Bxe1 16. Qxe6+ Kf8 17. Qf5+ Kg8 18. Qe6+ Kf8 19. Qf5+ 1/2-1/2

[Event "XLI MIEDZYNARODOWY MEMORIAL LUDWIKA ZAMENHOFA 2022 - open A"]
[Site "Bialystok"]
[Date "1899-12-30"]
[Round "7.2"]
[White "Teclaf, Pawel"]
[Black "Krzyzanowski, Marcin"]
[Result "1-0"]
[WhiteTitle "IM"]
[BlackTitle "GM"]
[WhiteElo "2555"]
[BlackElo "2538"]

1. e4 c5 2. Nf3 d6 3. d4 cxd4 4. Nxd4 Nf6 5. Nc3 a6 6. Be3 Ng4 7. Bc1 Nf6 8. Be2
e5 9. Nf3 h6 10. Nd2 Be7 11. Nc4 b5 12. Ne3 O-O 13. Ncd5 Be6 14. a4 bxa4 15. Nxf6+
Bxf6 16. Rxa4 Bg5 17. O-O Qb6 18. Bc4 Bxe3 19. Bxe3 Qc6 20. b3 Nd7 21. Bxe6 fxe6
22. Rc4 Nc5 23. Qa1 Rac8 24. Bxc5 dxc5 25. Qxe5 Rfd8 26. b4 Qd6 27. Qxd6 Rxd6
28. bxc5 Rdc6 29. Ra1 Rxc5 30. Rxc5 Rxc5 31. Ra2 Kf7 32. Kf1 a5 33. Ke2 g5 34.
h3 Ke7 35. Kd3 Kd6 36. c4 h5 37. Rb2 a4 38. Kc3 Ra5 39. Rb6+ Kc7 40. Rb5 Ra8 41.
Kb2 g4 42. hxg4 hxg4 43. Ka3 Rf8 44. Rb2 Ra8 45. Rb5 Rf8 46. Rg5 Rxf2 47. Rxg4
Rc2 48. e5 Re2 49. Kxa4 Rxe5 50. Kb4 Kc6 51. Rg8 Re1 52. g4 Rb1+ 53. Kc3 Rc1+
54. Kd2 Rg1 55. g5 Kd6 56. g6 Ke7 57. c5 Rg5 58. c6 Rd5+ 59. Ke3 Re5+ 60. Kd4
Rd5+ 61. Ke4 1-0

[Event "XLI MIEDZYNARODOWY MEMORIAL LUDWIKA ZAMENHOFA 2022 - open A"]
[Site "Bialystok"]
[Date "1899-12-30"]
[Round "7.3"]
[White "Gumularz, Szymon"]
[Black "Azarov, Sergei"]
[Result "1/2-1/2"]
[WhiteTitle "GM"]
[BlackTitle "GM"]
[WhiteElo "2561"]
[BlackElo "2562"]

1. c4 e6 2. Nc3 d5 3. d4 Be7 4. cxd5 exd5 5. Bf4 c6 6. e3 Bf5 7. Nge2 Nd7 8. Ng3
Bg6 9. Be2 Qb6 10. Qd2 h5 11. h4 Ngf6 12. O-O O-O 13. Bf3 a5 14. Bg5 Bd6 15. Nce2
Ne4 16. Bxe4 dxe4 17. Rac1 Rfe8 18. Rfd1 Qb4 19. Qc2 Nb6 20. Nf4 Bxf4 21. exf4
f6 22. f5 Bf7 23. Be3 Qc4 24. Qd2 Qxa2 25. Qe2 Qd5 26. Rc5 Qd7 27. Nxh5 Na4 28.
Rc2 Qxf5 29. Ng3 Qd5 30. Ra1 Nb6 31. Rc5 1/2-1/2

[Event "XLI MIEDZYNARODOWY MEMORIAL LUDWIKA ZAMENHOFA 2022 - open A"]
[Site "Bialystok"]
[Date "1899-12-30"]
[Round "7.4"]
[White "Janik, Igor"]
[Black "Markowski, Tomasz"]
[Result "1-0"]
[WhiteTitle "GM"]
[BlackTitle "GM"]
[WhiteElo "2536"]
[BlackElo "2519"]

1. e4 c5 2. Nf3 d6 3. Bb5+ Nd7 4. a4 Ngf6 5. Nc3 a6 6. Be2 g6 7. a5 Bg7 8. O-O
b5 9. axb6 O-O 10. d3 Nxb6 11. Be3 Bb7 12. Qc1 a5 13. Bh6 e5 14. Bxg7 Kxg7 15.
Nd2 Qe7 16. f4 exf4 17. Rxf4 Nfd7 18. Nf3 Ne5 19. Qd2 f6 20. Nxe5 dxe5 21. Rff1
a4 22. Qe3 Bc6 23. Bg4 Qd6 24. Ne2 Rab8 25. h4 Nd7 26. Ra2 Rb6 27. Nc3 Qd4 28.
Qxd4 exd4 29. Bxd7 Bxd7 30. Nxa4 Bxa4 31. Rxa4 Rxb2 32. Rc4 Rc8 33. Ra1 Rb7 34.
Ra6 Rbc7 35. Rd6 Rc6 36. Rd7+ Kh6 37. g4 R8c7 38. Rd5 Kg7 39. Kf2 Kf7 40. Kf3
Ke7 41. Kf4 Ke6 42. g5 Ke7 43. Ra4 Ke6 44. Ra8 h6 45. gxh6 Rh7 46. Re8+ 1-0

[Event "XLI MIEDZYNARODOWY MEMORIAL LUDWIKA ZAMENHOFA 2022 - open A"]
[Site "Bialystok"]
[Date "1899-12-30"]
[Round "7.5"]
[White "Klimkowski, Jan"]
[Black "Bogdanov, Egor"]
[Result "1/2-1/2"]
[WhiteTitle "FM"]
[BlackTitle "IM"]
[WhiteElo "2447"]
[BlackElo "2381"]

1. e4 c5 2. Nf3 Nc6 3. Bb5 g6 4. O-O Bg7 5. c3 Nf6 6. Re1 O-O 7. d4 d5 8. e5 Ne4
9. Be3 cxd4 10. cxd4 Qb6 11. Bxc6 Qxc6 12. Nfd2 Nxd2 13. Qxd2 Bf5 14. Nc3 Rfc8
15. Bg5 Qd7 16. Rac1 Rc6 17. Ne2 Rac8 18. Rxc6 Rxc6 19. Nc3 Rc4 20. h4 h5 21.
Rc1 Kh7 22. b3 Rc6 23. a4 Bf8 24. Nd1 1/2-1/2

[Event "XLI MIEDZYNARODOWY MEMORIAL LUDWIKA ZAMENHOFA 2022 - open A"]
[Site "Bialystok"]
[Date "1899-12-30"]
[Round "7.6"]
[White "Licznerski, Lukasz"]
[Black "Karolczuk, Iwo"]
[Result "1/2-1/2"]
[WhiteTitle "IM"]
[BlackTitle "FM"]
[WhiteElo "2441"]
[BlackElo "2327"]

1. d4 e6 2. c4 Nf6 3. Nf3 b6 4. a3 Bb7 5. Nc3 d5 6. cxd5 Nxd5 7. e3 Nxc3 8. bxc3
Be7 9. Bb5+ c6 10. Bd3 O-O 11. Bb1 c5 12. Qc2 g6 13. h4 Qc7 14. h5 cxd4 15. exd4
Rc8 16. hxg6 hxg6 17. Bd2 Nd7 18. Qd3 Bf6 19. Qe3 e5 20. Qh6 Nf8 21. Nxe5 Bxe5
22. dxe5 Qxe5+ 23. Kf1 Rxc3 24. Qh8+ Qxh8 25. Rxh8+ Kxh8 26. Bxc3+ Kg8 27. Ba2
Rc8 28. Rc1 Nd7 29. Bb2 Rxc1+ 30. Bxc1 Kf8 31. f3 Ke7 32. Ke2 Nc5 33. Bf4 f6 34.
Ke3 g5 35. Bb8 a6 36. Bc7 Nd7 37. Kd4 g4 38. Bd5 Bxd5 39. Kxd5 gxf3 40. gxf3 f5
41. f4 b5 42. Ba5 Nf6+ 43. Ke5 Nh5 44. Kxf5 Kd6 45. Kg5 Nxf4 46. Kxf4 Kd5 47.
Bb4 Kc4 48. Ke5 Kb3 49. Kd5 a5 50. Bxa5 Kxa3 51. Kc5 Ka2 52. Kxb5 1/2-1/2

[Event "XLI MIEDZYNARODOWY MEMORIAL LUDWIKA ZAMENHOFA 2022 - open A"]
[Site "Bialystok"]
[Date "1899-12-30"]
[Round "7.7"]
[White "Vardanyan, Aras"]
[Black "Baum, Jonasz"]
[Result "0-1"]
[WhiteTitle "CM"]
[BlackTitle "IM"]
[WhiteElo "2271"]
[BlackElo "2420"]

1. c4 e5 2. g3 c6 3. Nf3 e4 4. Nd4 d5 5. cxd5 Qxd5 6. Nc2 Nf6 7. Nc3 Qe5 8. Bg2
Na6 9. Ne3 Bc5 10. O-O h5 11. Nc4 Qe6 12. d3 h4 13. Bg5 hxg3 14. hxg3 Qf5 15.
Bxf6 Qxf6 16. Qd2 g5 17. d4 Bxd4 18. e3 Qh6 19. Rfd1 Qh2+ 20. Kf1 Bh3 21. Qxd4
Qxg2+ 22. Ke1 Qf1+ 23. Kd2 Qd3+ 24. Qxd3 exd3 25. e4 Be6 26. Ne5 O-O-O 27. Ke3
Nb4 28. Rac1 Rh2 29. Rf1 d2 30. Rcd1 f6 31. Ng6 Rd3+ 32. Ke2 Bg4# 0-1

[Event "XLI MIEDZYNARODOWY MEMORIAL LUDWIKA ZAMENHOFA 2022 - open A"]
[Site "Bialystok"]
[Date "1899-12-30"]
[Round "7.9"]
[White "Mis, Mieszko"]
[Black "Nasuta, Grzegorz"]
[Result "1/2-1/2"]
[WhiteTitle "FM"]
[BlackTitle "GM"]
[WhiteElo "2389"]
[BlackElo "2546"]

1. d4 d5 2. c4 c6 3. cxd5 cxd5 4. Nc3 Nf6 5. Bf4 Nc6 6. e3 Bg4 7. Qb3 Na5 8. Qa4+
Bd7 9. Qc2 e6 10. Nf3 Rc8 11. Bd3 Bb4 12. O-O Nh5 13. Bg5 f6 14. Bxh7 Bxc3 15.
bxc3 fxg5 16. Qg6+ Kf8 17. Qxh5 Be8 18. Qg4 Rxh7 19. Nxg5 Rh6 20. Nxe6+ Rxe6 21.
Qxe6 Nc4 22. Qf5+ Bf7 23. Rfe1 Nd6 24. Qf4 Ne4 25. f3 Nxc3 26. Kh1 Kg8 27. g4
b5 28. Kg2 b4 29. h4 Rc6 30. h5 Qc7 31. Qxc7 Rxc7 32. Rac1 Rc4 33. Rc2 a5 34.
Rh1 Nd1 35. Re2 Rc2 36. Rxc2 Nxe3+ 37. Kf2 Nxc2 38. Rc1 Nxd4 39. Rc8+ Kh7 40.
Rc7 Be8 41. Re7 Bb5 42. Ke3 Nc2+ 43. Kd2 Nd4 44. Ke3 Nc2+ 45. Kd2 Nd4 1/2-1/2

[Event "XLI MIEDZYNARODOWY MEMORIAL LUDWIKA ZAMENHOFA 2022 - open A"]
[Site "Bialystok"]
[Date "1899-12-30"]
[Round "7.10"]
[White "Stremavicius, Pijus"]
[Black "Dvirnyy, Danyyil"]
[Result "0-1"]
[WhiteTitle "FM"]
[BlackTitle "GM"]
[WhiteElo "2369"]
[BlackElo "2530"]

1. b3 d5 2. Bb2 Bg4 3. f3 Bf5 4. e4 Bg6 5. h4 h5 6. Nh3 dxe4 7. Nc3 Nf6 8. Nf2
Nc6 9. Bb5 Qd6 10. fxe4 O-O-O 11. Bxc6 Qxc6 12. Qf3 e5 13. O-O-O Bc5 14. d3 Kb8
15. Kb1 Rd6 16. Rdf1 Rhd8 17. Ncd1 Bd4 18. Bxd4 Rxd4 19. Ne3 a5 20. Nc4 Qc5 21.
Qg3 Rxc4 22. dxc4 Rd2 23. Kc1 Re2 24. Qf3 Nxe4 25. Nxe4 Rxe4 26. Rd1 Rf4 27. Qc3
Be4 28. Rhf1 Rg4 29. g3 f6 30. Kb2 b6 31. a3 a4 32. b4 Qc6 33. Rd8+ Kb7 34. Rfd1
Bf5 35. c5 bxc5 36. bxc5 Qb5+ 37. Ka1 Rc4 38. Qd2 Qxc5 39. Rb1+ Kc6 0-1

[Event "XLI MIEDZYNARODOWY MEMORIAL LUDWIKA ZAMENHOFA 2022 - open A"]
[Site "Bialystok"]
[Date "1899-12-30"]
[Round "7.11"]
[White "Chomczyk, Marek"]
[Black "Olszewski, Michal"]
[Result "1/2-1/2"]
[WhiteTitle "k++"]
[BlackTitle "GM"]
[WhiteElo "2327"]
[BlackElo "2521"]

1. e4 e5 2. Nf3 Nc6 3. Bc4 Nf6 4. d4 exd4 5. e5 d5 6. Bb5 Ne4 7. Nxd4 Bc5 8. Be3
Bd7 9. Bxc6 bxc6 10. Nd2 Nxd2 11. Qxd2 O-O 12. Qc3 Bb6 13. Nb3 f6 14. O-O fxe5
15. Qxe5 Rf5 16. Qc3 Qh4 17. Nd4 Rf6 18. Nf3 Rxf3 19. gxf3 d4 20. Qc4+ Kh8 21.
Rfd1 Bh3 22. Rxd4 Bxd4 23. Qxd4 Qh5 24. Qf4 Rd8 25. Kh1 h6 26. Rg1 Kh7 27. b4
Rd7 28. c3 a6 29. Bd4 Bf5 30. Rg3 Rf7 31. Qe5 Bg6 32. Kg2 Qxe5 33. Bxe5 Bb1 34.
a4 g5 35. Rg4 Bc2 36. a5 Bd1 37. Rg3 Bb3 38. Rg4 Bd5 39. Rd4 Bxf3+ 40. Kg3 Bd5
41. f4 Kg6 42. b5 axb5 43. a6 Rf8 44. Rd1 Ra8 45. Ra1 Kf5 46. a7 c5 47. Bxc7 gxf4+
48. Kf2 Rg8 49. c4 bxc4 50. Ra5 Ke4 51. Rxc5 f3 52. Kf1 Ba8 53. Rxc4+ Kd5 54.
Rb4 Kc6 55. Rb8 Rg7 56. Bb6 Bb7 57. Bf2 Rg2 58. h4 Rh2 59. Ke1 Rh1+ 60. Kd2 Ra1
61. Rh8 Ra2+ 62. Ke3 Rxa7 63. Kxf3 Kd7+ 64. Kg4 Ra4+ 65. Kh5 Bf3+ 66. Kxh6 Ra5
67. Kg6 Be4+ 68. Kg7 Bf3 69. Rf8 Ra3 70. Bc5 Rc3 71. Bd4 Rd3 72. Bf6 Rd1 73. Bg5
Bg4 74. Rf4 Be2 75. Rf2 Bg4 76. Bf4 Rd3 77. Rg2 Bf3 78. Rf2 Bg4 79. Kf6 Rh3 80.
Kg5 Bf3 81. Bh2 Ke6 82. Kf4 Bd1 83. Bg3 Rh1 84. Bh2 Re1 85. Kg5 Re2 86. Rf6+ Ke7
87. Bd6+ Kd7 88. Bg3 Ke7 89. Rf1 Rd2 90. Be5 Ke6 91. Re1 Rd5 92. Kh6 Bg4 93. Bf4+
Kf7 94. Be5 1/2-1/2

[Event "XLI MIEDZYNARODOWY MEMORIAL LUDWIKA ZAMENHOFA 2022 - open A"]
[Site "Bialystok"]
[Date "1899-12-30"]
[Round "7.12"]
[White "Luberanski, Jakub"]
[Black "Godzwon, Iwo"]
[Result "0-1"]
[WhiteTitle "FM"]
[BlackTitle "FM"]
[WhiteElo "2243"]
[BlackElo "2391"]

1. Nf3 Nf6 2. b3 b6 3. Bb2 Bb7 4. c4 e6 5. e3 Be7 6. Be2 O-O 7. O-O c5 8. d4 d6
9. Nc3 cxd4 10. Qxd4 a6 11. e4 Nbd7 12. Rad1 Qc7 13. Qe3 Nc5 14. Bd3 Ng4 15. Qe2
Ne5 16. Nxe5 dxe5 17. Bc2 Rfd8 18. Rxd8+ Rxd8 19. Rd1 Nd7 20. a3 Nb8 21. Rxd8+
Bxd8 22. Qd3 Nc6 23. Na4 Be7 24. b4 a5 25. c5 axb4 26. cxb6 Qc8 27. Bd1 Ba6 28.
Qe3 Qd7 29. Bf3 Nd4 30. Bd1 Qb5 31. Qe1 bxa3 32. Bc3 a2 33. f4 Qb1 34. fxe5 Ne2+
35. Kf2 Nxc3 36. Nxc3 Qb2+ 0-1

[Event "XLI MIEDZYNARODOWY MEMORIAL LUDWIKA ZAMENHOFA 2022 - open A"]
[Site "Bialystok"]
[Date "1899-12-30"]
[Round "7.13"]
[White "Kowalski, Igor"]
[Black "Szewczyk, Mariusz"]
[Result "1-0"]
[WhiteTitle "IM"]
[BlackTitle "k"]
[WhiteElo "2344"]
[BlackElo "2094"]

1. d4 Nf6 2. c4 e6 3. g3 d5 4. Bg2 Be7 5. Nf3 O-O 6. O-O c6 7. Nbd2 Nbd7 8. Qc2
b6 9. e4 dxe4 10. Nxe4 Bb7 11. Rd1 Nxe4 12. Qxe4 Nf6 13. Qe2 Qc8 14. Bf4 Re8 15.
Bh3 h6 16. Rac1 Qd8 17. Ne5 Bf8 18. Bg2 Rc8 19. h4 Qe7 20. Qf3 Red8 21. b3 Ba8
22. Qe2 Nd7 23. c5 Nxe5 24. Bxe5 Bb7 25. b4 b5 26. Be4 f5 27. Bc2 Ra8 28. Bb3
Re8 29. Re1 Qf7 30. Rc3 Bc8 31. Re3 g5 32. hxg5 hxg5 33. f4 g4 34. Qh2 Qg6 35.
Kf2 Bg7 36. Rh1 Bxe5 37. dxe5 Kg7 38. Rd3 a5 39. a3 axb4 40. axb4 Ra7 41. Rd6
Bd7 42. Qh4 Rc7 43. Rhd1 Bc8 44. Rd8 Rce7 45. Rxc8 1-0

[Event "XLI MIEDZYNARODOWY MEMORIAL LUDWIKA ZAMENHOFA 2022 - open A"]
[Site "Bialystok"]
[Date "1899-12-30"]
[Round "7.14"]
[White "Lehaci, Miruna-daria"]
[Black "Fus, Jakub"]
[Result "0-1"]
[WhiteTitle "WIM"]
[BlackTitle "FM"]
[WhiteElo "2155"]
[BlackElo "2405"]

1. e4 e6 2. d4 d5 3. Nc3 Nf6 4. e5 Nfd7 5. f4 c5 6. Nf3 a6 7. Be3 Qb6 8. a3 Nc6
9. dxc5 Bxc5 10. Na4 Qa5+ 11. b4 Qxa4 12. bxc5 Qa5+ 13. Qd2 Qxd2+ 14. Kxd2 O-O
15. c3 Na5 16. Kc2 Nb8 17. Bd4 Bd7 18. Nd2 Ba4+ 19. Kc1 Rc8 20. Rb1 Nbc6 21. Rb6
Na7 22. Rb4 Bb5 23. a4 Bxf1 24. Rxf1 Rc7 25. Kc2 N7c6 26. Rb6 Nb8 27. Rfb1 Nd7
28. Rd6 Rac8 29. Rb4 Nxc5 30. f5 Nd7 31. fxe6 fxe6 32. Nf3 Nc6 33. Rb3 Nxd4+ 34.
Nxd4 Nc5 35. Ra3 Kf7 36. Rb6 Ke7 37. a5 Rf8 38. Nf3 Rf4 39. Kd2 h6 40. h4 Rg4
0-1

[Event "XLI MIEDZYNARODOWY MEMORIAL LUDWIKA ZAMENHOFA 2022 - open A"]
[Site "Bialystok"]
[Date "1899-12-30"]
[Round "7.15"]
[White "Cukrowski, Filip"]
[Black "Indriunas, Matas"]
[Result "1-0"]
[WhiteTitle "FM"]
[BlackTitle "FM"]
[WhiteElo "2402"]
[BlackElo "2253"]

1. d4 Nf6 2. c4 g6 3. Nc3 d5 4. Nf3 Bg7 5. Qb3 dxc4 6. Qxc4 Be6 7. Qd3 c5 8. Qb5+
Nc6 9. dxc5 O-O 10. e4 Qc7 11. Be2 Rac8 12. O-O Ng4 13. g3 Nd4 14. Nxd4 Bxd4 15.
Nd5 Bxd5 16. exd5 Nf6 17. d6 Qxc5 18. Qxc5 Bxc5 19. dxe7 Bxe7 20. Bf3 b6 21. a4
Bb4 22. Bg5 Nd7 23. Bg4 f5 24. Bd1 Nc5 25. Kg2 Kg7 26. h4 Ne4 27. Bf4 Bd6 28.
Be3 Bc5 29. Bf4 Bd6 30. Be3 Bc5 31. Bc1 Bd4 32. h5 Rc5 33. h6+ Kf6 34. Bb3 g5
35. f3 Nd6 36. Rd1 Ke5 37. Bxg5 Bxb2 38. Bf4+ Kd5 1-0

[Event "XLI MIEDZYNARODOWY MEMORIAL LUDWIKA ZAMENHOFA 2022 - open A"]
[Site "Bialystok"]
[Date "1899-12-30"]
[Round "7.16"]
[White "Malek, Jan"]
[Black "Waszczuk, Patrycja"]
[Result "1-0"]
[WhiteTitle "m"]
[BlackTitle "WFM"]
[WhiteElo "2376"]
[BlackElo "2251"]

1. e4 c5 2. Ne2 e6 3. d4 cxd4 4. Nxd4 Nc6 5. Nc3 a6 6. Nxc6 bxc6 7. Qd3 Qc7 8.
Qg3 Qxg3 9. hxg3 d5 10. Bd3 Nf6 11. Bg5 h6 12. Bd2 Be7 13. f3 Nd7 14. g4 Rg8 15.
O-O-O Bb7 16. Rh5 O-O-O 17. Re1 Nc5 18. Bf1 Rge8 19. a3 d4 20. Nd1 d3 21. Be3
dxc2 22. Kxc2 Nd7 23. Ra5 Nb8 24. Nc3 Bd6 25. Na4 Bc7 26. Nb6+ Bxb6 27. Bxb6 Rd6
28. b4 Nd7 29. Be3 Nb8 30. Bc4 Red8 31. Rh1 R6d7 32. g5 hxg5 33. Rxg5 f6 34. Rg6
Re8 35. Rh7 Rde7 36. Bc5 Rd7 37. Rgxg7 Rxg7 38. Rxg7 e5 39. Bf7 Rd8 40. Be6+ 1-0